000 00189 a2200097 4500
001 5036
100 _aHowel
245 _aMan in the beginning
260 _a
_bBell
_c
090 _c4190
_d4190
942 _aNUST-CAE
_cM
_c30479
999 _c240109
_d240109